Discrete mathematics with graph theory

Gespeichert in:
Bibliographische Detailangaben
1. Verfasser: YADAV,S.K
Format: Buch
Sprache:Englisch
Veröffentlicht: Ane Books 2019
Tags: Tag hinzufügen
Keine Tags, Fügen Sie den ersten Tag hinzu!

MARC

LEADER 00000nam a22000007a 4500
008 230106b |||||||| |||| 00| 0 eng d
020 |a 9789384722686 
100 |a YADAV,S.K. 
245 |a Discrete mathematics with graph theory  |c S.K.Yadav  |g xxii,648p;ill 
260 |b Ane Books  |c 2019  |h New Delhi  |i 699778  |i 699779  |l QA39.3.Ya1  |m Mathematics  |m Computer science- Mathematics- Textbooks  |m Graph theory- Textbooks 
500 |a it includes references and index 
942 |a lcc  |c BK  |e Johnson  |f 5/1/23 
952 |0 0  |1 0  |2 lcc  |4 0  |6 QA00393 Y A1  |7 0  |9 4083  |a SL  |b HOL  |c QZ  |d 2023-01-06  |l 0  |o QA39.3.Ya1  |p 2023-0017  |r 2023-01-06 00:00:00  |t 699778  |w 2023-01-06  |y BK 
952 |0 0  |1 0  |2 lcc  |4 0  |6 QA00393 Y A1  |7 0  |9 4084  |a HOL  |b HOL  |c QZ  |d 2023-01-06  |l 0  |o QA39.3.Ya1  |p 2023-0018  |r 2023-01-06 00:00:00  |t 699778  |w 2023-01-06  |y BK 
999 |c 2050  |d 2050